| 000 | 00649nam a22002417a 4500 | ||
|---|---|---|---|
| 003 | UA-OsUOA | ||
| 001 | 32685 | ||
| 007 | ta | ||
| 008 | 20050209b un ||||| |||| 00| 0 ukr d | ||
| 100 | _aНечаева А. М. | ||
| 090 |
_a340.61 _bН59 |
||
| 942 | _cBK | ||
| 040 |
_aUA-OsUOA _brus _cUA-OsUOA _dUA-OsUOA |
||
| 245 |
_aБрак, семья, закон _cА. М. Нечаева; Отв.ред. В. А. РясенцевОтв.ред. В. А.Рясенцев |
||
| 300 | _a144 с. | ||
| 955 | _a0 | ||
| 041 | _arus | ||
| 080 | _a340.61 | ||
| 260 |
_aМосква _b"Наука" _c1984 |
||
| 044 | _aRU | ||
| 650 | 7 | _2UDC | |
| 999 |
_c319133 _d319133 |
||